000 00435nam a22001817a 4500
003 MPLRDC
005 20220104185827.0
008 210129b ||||| |||| 00| 0 eng d
020 _a0-7515-3380-7
082 _a293.27 MIL
100 _aSUSAN MILLER
245 _aPLANETS AND POSSIBILITIES
_c
250 _a初版
260 _aLONDON
_bTIME WARNERS
_c2002
300 _bPAPERBACKS
650 _a命相
942 _cBK
_o293.27 MIL
999 _c63505
_d63495